| 000 | 00542nam a2200217Ia 4500 | ||
|---|---|---|---|
| 005 | 20230420173813.0 | ||
| 008 | 230125s9999 xx 000 0 und d | ||
| 020 | _a978-93-515-0039 | ||
| 041 | _aeng | ||
| 082 |
_a920.71 _bSHE |
||
| 100 | _aSheth J N | ||
| 245 | _aThe Accidental Scholar | ||
| 260 |
_c2014 _bSage publication _aNew Delhi |
||
| 300 | _a240p | ||
| 500 | _aBiography;Biography-Men | ||
| 650 |
_aBiography;Biography-Men _9119155 |
||
| 700 | _aSheth J N | ||
| 906 | _b173.75 | ||
| 942 | _cBK | ||
| 999 |
_c94000 _d94000 |
||